| 000 | 00682nam a22002177a 4500 | ||
|---|---|---|---|
| 005 | 20151203144314.0 | ||
| 010 | _aENG-114287 | ||
| 020 |
_c250.00 _a9789350351253 |
||
| 035 | _aEN-97819 | ||
| 037 | _bDBAD/PUB | ||
| 082 | _a344.01 | ||
| 100 | _aKumar, H.L. | ||
| 245 |
_aPractical guide to payment of gratuity : _cby H.L Kumar [and] Gaurav Kumar _bact & rules / |
||
| 250 | _a8th ed | ||
| 260 |
_aNew Delhi _bUniversal Law Publishing _c2012 |
||
| 270 |
_aC-FF-1A, Dilkhush Industrial estate, G.T.Karnal Road _bNew Delhi _e110033 |
||
| 300 |
_axxix,208p. _c24cm(pbk) |
||
| 500 | _aIncludes index | ||
| 700 | _aGaurav Kumar | ||
| 942 |
_2ddc _cEN _mKUM _h344.01 |
||
| 999 |
_c97763 _d97763 |
||